| 000 | 00755nam a2200217Ia 4500 | ||
|---|---|---|---|
| 003 | GCL | ||
| 008 | 140319s9999 xx 000 0 ara d | ||
| 040 |
_aGCL / _cGCL |
||
| 082 | 0 | 4 |
_a962.16 _bم ع |
| 100 | 1 | _aالمجلس القومى والشئون الاقتصاد | |
| 245 | 1 | 0 |
_aعن الثروة السياحية فى القاهرة الكبرى / _cالمجلس القومى والشئون الاقتصاد |
| 300 | _a147 ص | ||
| 490 |
_aالالف كتاب _v0 |
||
| 650 | 0 | 4 | _aمصر القديمة |
| 650 | 0 | 4 | _aالتنمية الاقتصادية |
| 650 | 0 | 4 | _aالسياحة |
| 650 | 0 | 4 | _aالاثار الاسلامية |
| 650 | 0 | 4 | _aالسياحة والدولة |
| 650 | 0 | 4 | _aالجغرافيا السياحية |
| 942 |
_2ddc _cBK |
||
| 999 |
_c40077 _d40077 |
||